[Event "Ciudad Guayana Cabrera Memorial Up1900"]
[Site "Ciudad Guayana"]
[Date "2016.04.19"]
[Round "7"]
[White "Navarro Garcia, Rodolfo"]
[Black "Chavez Lazo, Jorge Leonidas"]
[Result "1-0"]
[WhiteElo "2009"]
[BlackElo "2071"]
[PlyCount "71"]
[EventDate "2016.04.15"]
[EventType "swiss"]
[EventRounds "7"]
[EventCountry "VEN"]
[SourceTitle "EXT 2022"]
[Source "ChessBase"]
[SourceDate "2021.10.06"]
[SourceVersion "1"]
[SourceVersionDate "2021.10.06"]
[SourceQuality "1"]

1. d4 Nf6 2. c4 g6 3. Nc3 Bg7 4. Nf3 0-0 5. Bf4 c5 6. e3 Qb6 7. Qd2 d6 8. Be2 Bf5 9. 0-0 Ne4 10. Nxe4 Bxe4 11. Rfd1 Nc6 12. d5 Na5 13. Ng5 Bf5 14. e4 Bd7 15. Rab1 Qa6 16. Rdc1 Rab8 17. b4 cxb4 18. Rxb4 b5 19. Rcb1 Qc8 20. Qe3 a6 21. a4 Nb7 22. cxb5 axb5 23. Bxb5 Nc5 24. h4 Ra8 25. Rc4 Qe8 26. e5 Nxa4 27. Bxd7 Qxd7 28. e6 fxe6 29. dxe6 Qa7 30. Nf7 Qxe3 31. Bxe3 Nc3 32. Rb7 Bf6 33. Rxc3 Bxc3 34. Rxe7 Rfe8 35. Rc7 Rac8 36. Nh6+ 1-0

[Event "Porlamar Chavez Memorial"]
[Site "Porlamar"]
[Date "2015.01.11"]
[Round "4"]
[White "Chavez Lazo, Jorge Leonidas"]
[Black "Huarac Roca, Pedro Ivan"]
[Result "1-0"]
[WhiteElo "2077"]
[BlackElo "1758"]
[PlyCount "59"]
[EventDate "2015.01.08"]
[EventType "swiss"]
[EventRounds "5"]
[EventCountry "VEN"]
[SourceTitle "CBM 164 Extra"]
[Source "ChessBase"]
[SourceDate "2015.03.02"]
[SourceVersion "1"]
[SourceVersionDate "2015.03.02"]
[SourceQuality "1"]

1. e4 e5 2. Nf3 Nc6 3. Bb5 a6 4. Ba4 Nf6 5. 0-0 Be7 6. Re1 b5 7. Bb3 d6 8. c3 0-0 9. d3 Bb7 10. Nbd2 Na5 11. Bc2 c5 12. Nf1 Nc6 13. h3 Re8 14. Ng3 Bf8 15. Nf5 h6 16. a4 c4 17. axb5 axb5 18. Rxa8 Qxa8 19. dxc4 bxc4 20. Nd2 d5 21. exd5 Nxd5 22. Nxc4 Nf6 23. Nb6 Qb8 24. Nd7 Nxd7 25. Qxd7 Qc8 26. Qd3 g6 27. Nxh6+ Bxh6 28. Bxh6 Na5 29. Qb5 Nc6 30. Be4 1-0

[Event "Porlamar Chavez Memorial"]
[Site "Porlamar"]
[Date "2015.01.09"]
[Round "1"]
[White "Hernandez Mora, Ulises Jose"]
[Black "Chavez Lazo, Jorge Leonidas"]
[Result "0-1"]
[WhiteElo "1624"]
[BlackElo "2077"]
[PlyCount "48"]
[EventDate "2015.01.08"]
[EventType "swiss"]
[EventRounds "5"]
[EventCountry "VEN"]
[SourceTitle "CBM 164 Extra"]
[Source "ChessBase"]
[SourceDate "2015.03.02"]
[SourceVersion "1"]
[SourceVersionDate "2015.03.02"]
[SourceQuality "1"]

1. d4 Nf6 2. c4 c5 3. d5 b5 4. cxb5 a6 5. Nc3 g6 6. Bf4 Bg7 7. e4 d6 8. Nf3 0-0 9. Be2 Qa5 10. 0-0 axb5 11. Bxb5 Nxe4 12. Nxe4 Qxb5 13. Qb3 Ba6 14. Rfb1 Nd7 15. Qc2 Qd3 16. Qxd3 Bxd3 17. Re1 Bxb2 18. Rad1 c4 19. Bg5 f6 20. Bh6 Rfc8 21. Rd2 Rxa2 22. h3 Ne5 23. Nxe5 fxe5 24. Ng5 Ra1 0-1

[Event "Porlamar Navidad Asoajedrene"]
[Site "Porlamar"]
[Date "2014.12.11"]
[Round "3.2"]
[White "Noriega Latorraca, Samuel Jose"]
[Black "Chavez Lazo, Jorge Leonidas"]
[Result "0-1"]
[WhiteElo "1501"]
[BlackElo "2068"]
[PlyCount "52"]
[EventDate "2014.12.10"]
[EventType "swiss"]
[EventRounds "7"]
[EventCountry "VEN"]
[SourceTitle "EXT 2022"]
[Source "ChessBase"]
[SourceDate "2021.10.06"]
[SourceVersion "1"]
[SourceVersionDate "2021.10.06"]
[SourceQuality "1"]

1. d4 Nf6 2. c4 c5 3. Nf3 cxd4 4. Nxd4 Nc6 5. e3 g6 6. Bd3 Bg7 7. 0-0 0-0 8. Nd2 d6 9. Nxc6 bxc6 10. Re1 Rb8 11. Rb1 e5 12. f3 d5 13. cxd5 cxd5 14. b3 Qa5 15. Qc2 e4 16. Be2 exf3 17. Bxf3 Bf5 18. e4 Rbc8 19. Qd1 dxe4 20. Nxe4 Rfd8 21. Qe2 Nxe4 22. Bxe4 Re8 23. Bd2 Qb6+ 24. Be3 Rxe4 25. Bxb6 Rxe2 26. Rxe2 Bxb1 0-1

[Event "Cumana Vergara Sequera Memorial"]
[Site "Cumana"]
[Date "2014.09.27"]
[Round "6.4"]
[White "Rodriguez Rodriguez, Alexander J"]
[Black "Chavez Lazo, Jorge Leonidas"]
[Result "0-1"]
[WhiteElo "1901"]
[BlackElo "2090"]
[PlyCount "71"]
[EventDate "2014.09.24"]
[EventType "tourn"]
[EventRounds "9"]
[EventCountry "VEN"]
[SourceTitle "EXT 2018"]
[Source "ChessBase"]
[SourceDate "2017.10.13"]
[SourceVersion "1"]
[SourceVersionDate "2017.10.13"]
[SourceQuality "1"]

1. Nf3 c5 2. c4 Nf6 3. Nc3 g6 4. e3 Bg7 5. d4 0-0 6. Be2 d6 7. 0-0 Na6 8. Re1 Bg4 9. e4 cxd4 10. Nxd4 Bxe2 11. Qxe2 Nc5 12. Nc2 Rc8 13. f3 Qc7 14. Nb5 Qb6 15. Kh1 a6 16. Nc3 Qc7 17. Rb1 Rfe8 18. Bf4 Ne6 19. Be3 Qxc4 20. Qf2 b5 21. a3 a5 22. Rec1 Nc5 23. Bxc5 Qxc5 24. Qd2 Qh5 25. Qd3 Bh6 26. Rd1 Bf4 27. h3 Qg5 28. Ne2 Nh5 29. Ne1 Ng3+ 30. Kg1 Be3+ 31. Kh2 Rc5 32. Nxg3 Bf4 33. Kg1 Qxg3 34. b4 axb4 35. axb4 Rg5 36. Qe2 0-1

[Event "Cumana Vergara Sequera Memorial"]
[Site "Cumana"]
[Date "2014.09.26"]
[Round "4.3"]
[White "Rodriguez Galanton, Yul Johnattan"]
[Black "Chavez Lazo, Jorge Leonidas"]
[Result "1-0"]
[WhiteElo "2103"]
[BlackElo "2090"]
[PlyCount "45"]
[EventDate "2014.09.24"]
[EventType "tourn"]
[EventRounds "9"]
[EventCountry "VEN"]
[SourceTitle "EXT 2018"]
[Source "ChessBase"]
[SourceDate "2017.10.13"]
[SourceVersion "1"]
[SourceVersionDate "2017.10.13"]
[SourceQuality "1"]

1. d4 Nf6 2. Nc3 g6 3. e4 d6 4. Bg5 Bg7 5. e5 Nfd7 6. exd6 cxd6 7. Qd2 h6 8. Be3 Nc6 9. Nf3 Qa5 10. Bc4 Rb8 11. 0-0 Nb6 12. Bb3 Bg4 13. Ne1 e5 14. f3 Bf5 15. dxe5 dxe5 16. Qf2 0-0 17. Qh4 h5 18. g4 hxg4 19. fxg4 Qb4 20. h3 Be6 21. Nf3 Rfc8 22. Ng5 Bxb3 23. axb3 1-0

[Event "Maicao op 3rd"]
[Site "Maicao"]
[Date "2014.05.01"]
[Round "1"]
[White "Chavez Lazo, Jorge Leonidas"]
[Black "Escorcia Correa, Aulid"]
[Result "1-0"]
[WhiteElo "2104"]
[BlackElo "1561"]
[PlyCount "59"]
[EventDate "2014.05.01"]
[EventType "swiss"]
[EventRounds "7"]
[EventCountry "COL"]
[SourceTitle "CBM 160 Extra"]
[Source "ChessBase"]
[SourceDate "2014.07.01"]
[SourceVersion "1"]
[SourceVersionDate "2014.07.01"]
[SourceQuality "1"]

1. e4 e6 2. d4 d5 3. Nc3 Bb4 4. Nge2 c5 5. dxc5 Bxc5 6. exd5 exd5 7. Qxd5 Qxd5 8. Nxd5 Na6 9. Bf4 Ne7 10. Nec3 0-0 11. Nxe7+ Bxe7 12. 0-0-0 Be6 13. Be2 Nb4 14. a3 Nc6 15. Bf3 a6 16. Nd5 Bxd5 17. Rxd5 Rac8 18. Rd7 Rfd8 19. Bxc6 Rxc6 20. Rxe7 b5 21. Rhe1 h6 22. Re8+ Rxe8 23. Rxe8+ Kh7 24. Kd2 Re6 25. Rxe6 fxe6 26. Ke3 Kg6 27. Ke4 Kf6 28. Be5+ Kf7 29. Bxg7 Kxg7 30. Ke5 1-0

[Event "Porlamar FVA 1st"]
[Site "Porlamar"]
[Date "2014.02.23"]
[Round "7.6"]
[White "Chavez Lazo, Jorge Leonidas"]
[Black "Carreno Planas, Manuela"]
[Result "1-0"]
[WhiteElo "2141"]
[BlackElo "1692"]
[PlyCount "39"]
[EventDate "2014.02.21"]
[EventType "swiss"]
[EventRounds "7"]
[EventCountry "VEN"]
[SourceTitle "EXT 2022"]
[Source "ChessBase"]
[SourceDate "2021.10.06"]
[SourceVersion "1"]
[SourceVersionDate "2021.10.06"]
[SourceQuality "1"]

1. e4 g6 2. d4 Bg7 3. f4 e6 4. Nf3 Ne7 5. Bd3 d5 6. c3 Nd7 7. 0-0 c5 8. e5 cxd4 9. cxd4 0-0 10. Nc3 a6 11. Kh1 b5 12. Qe1 Nc6 13. Qg3 Bb7 14. f5 Rc8 15. f6 Nxf6 16. exf6 Bxf6 17. Ng5 h6 18. Nxe6 Bh4 19. Qg4 fxe6 20. Qxg6+ 1-0

[Event "Porlamar FVA 1st"]
[Site "Porlamar"]
[Date "2014.02.22"]
[Round "4.2"]
[White "Larez Hernandez, Jose Alejandro"]
[Black "Chavez Lazo, Jorge Leonidas"]
[Result "1-0"]
[WhiteElo "1848"]
[BlackElo "2141"]
[PlyCount "53"]
[EventDate "2014.02.21"]
[EventType "swiss"]
[EventRounds "7"]
[EventCountry "VEN"]
[SourceTitle "EXT 2022"]
[Source "ChessBase"]
[SourceDate "2021.10.06"]
[SourceVersion "1"]
[SourceVersionDate "2021.10.06"]
[SourceQuality "1"]

1. e4 c5 2. Nf3 e6 3. d4 cxd4 4. Nxd4 Nc6 5. Nc3 Qc7 6. Ndb5 Qb8 7. f4 a6 8. Nd4 Bb4 9. e5 Nge7 10. Nxc6 bxc6 11. Bd2 Nd5 12. Nxd5 cxd5 13. c3 Ba5 14. b4 Bb6 15. Qg4 0-0 16. Bd3 d6 17. Qh4 g6 18. Qg3 dxe5 19. fxe5 Bc7 20. Bf4 d4 21. h4 Bd7 22. h5 f5 23. hxg6 Bb5 24. Rxh7 Bxd3 25. Qh4 Bxe5 26. Rh8+ Bxh8 27. Qh7# 1-0

[Event "Porlamar op"]
[Site "Porlamar"]
[Date "2014.01.03"]
[Round "1"]
[White "Carreno Planas, Manuela"]
[Black "Chavez Lazo, Jorge Leonidas"]
[Result "0-1"]
[WhiteElo "1688"]
[BlackElo "2099"]
[PlyCount "48"]
[EventDate "2014.01.03"]
[EventType "swiss"]
[EventRounds "6"]
[EventCountry "VEN"]
[SourceTitle "EXT 2015"]
[Source "ChessBase"]
[SourceDate "2014.11.20"]
[SourceVersion "1"]
[SourceVersionDate "2014.11.20"]
[SourceQuality "1"]

1. f4 c5 2. Nf3 Nc6 3. b3 Nf6 4. Bb2 d6 5. e3 e6 6. Bb5 Bd7 7. 0-0 Be7 8. Qe1 Qb6 9. c4 a6 10. Bxc6 Bxc6 11. Qg3 Rg8 12. d4 0-0-0 13. dxc5 Qxc5 14. Bd4 Qh5 15. Nbd2 h6 16. Bb6 Rde8 17. Nd4 Ne4 18. Qe1 Nxd2 19. Qxd2 Be4 20. b4 g5 21. fxg5 Rxg5 22. Rf2 Reg8 23. g3 Rxg3+ 24. hxg3 Qh1# 0-1

[Event "Porlamar op"]
[Site "Porlamar"]
[Date "2014.01.03"]
[Round "2"]
[White "Chavez Lazo, Jorge Leonidas"]
[Black "Romagnone, Ivano"]
[Result "1/2-1/2"]
[WhiteElo "2099"]
[BlackElo "1854"]
[PlyCount "32"]
[EventDate "2014.01.03"]
[EventType "swiss"]
[EventRounds "6"]
[EventCountry "VEN"]
[SourceTitle "EXT 2015"]
[Source "ChessBase"]
[SourceDate "2014.11.20"]
[SourceVersion "1"]
[SourceVersionDate "2014.11.20"]
[SourceQuality "1"]

1. e4 d5 2. exd5 Qxd5 3. Nf3 Bf5 4. d4 Qe4+ 5. Qe2 Qxc2 6. Qxc2 Bxc2 7. Na3 Ba4 8. Bf4 c6 9. b3 e6 10. bxa4 Bxa3 11. Rb1 b6 12. Ne5 Nf6 13. Rb3 Be7 14. Kd2 Nd5 15. Bg3 0-0 16. Bd3 Bf6 1/2-1/2

[Event "Porlamar Sabanamar Cup 2nd"]
[Site "Porlamar"]
[Date "2013.11.24"]
[Round "4"]
[White "Chavez Lazo, Jorge Leonidas"]
[Black "Rondon Chacon, Rene Ibrahim"]
[Result "1/2-1/2"]
[WhiteElo "2088"]
[BlackElo "2140"]
[PlyCount "106"]
[EventDate "2013.11.22"]
[EventType "swiss"]
[EventRounds "5"]
[EventCountry "VEN"]
[SourceTitle "EXT 2022"]
[Source "ChessBase"]
[SourceDate "2021.10.06"]
[SourceVersion "1"]
[SourceVersionDate "2021.10.06"]
[SourceQuality "1"]

1. e4 e5 2. Nf3 Nf6 3. Nxe5 d6 4. Nf3 Nxe4 5. d4 d5 6. Be2 Bd6 7. 0-0 0-0 8. Nbd2 Bg4 9. h3 Bh5 10. Ne5 Bxe2 11. Qxe2 Nxd2 12. Qxd2 f6 13. Nd3 Re8 14. Re1 Nc6 15. Rxe8+ Qxe8 16. Qe3 Qf7 17. c3 Re8 18. Qf3 Re4 19. Bf4 Bxf4 20. Nxf4 Ne7 21. Nh5 Qe6 22. Ng3 Re1+ 23. Rxe1 Qxe1+ 24. Kh2 Qb1 25. Qe2 Kf7 26. a3 g6 27. f4 b6 28. Qd2 a5 29. a4 c6 30. Ne2 Nc8 31. Nc1 Nd6 32. Nd3 Ne4 33. Qe2 h5 34. f5 g5 35. Qxh5+ Kf8 36. Qe2 c5 37. dxc5 bxc5 38. Qe3 Qf1 39. Nxc5 Qxf5 40. Nxe4 dxe4 41. b4 axb4 42. cxb4 Qe5+ 43. Qg3 Qd4 44. a5 e3 45. b5 e2 46. b6 Qf4 47. Qxf4 gxf4 48. b7 e1Q 49. b8Q+ Kg7 50. Qb7+ Kg6 51. Qb6 Qg3+ 52. Kh1 Qe1+ 53. Kh2 Qg3+ 1/2-1/2

[Event "Porlamar Sabanamar Cup 2nd"]
[Site "Porlamar"]
[Date "2013.11.24"]
[Round "5"]
[White "Millan Gonzalez, Yuneitsy Del"]
[Black "Chavez Lazo, Jorge Leonidas"]
[Result "0-1"]
[WhiteElo "1721"]
[BlackElo "2088"]
[PlyCount "74"]
[EventDate "2013.11.22"]
[EventType "swiss"]
[EventRounds "5"]
[EventCountry "VEN"]
[SourceTitle "EXT 2022"]
[Source "ChessBase"]
[SourceDate "2021.10.06"]
[SourceVersion "1"]
[SourceVersionDate "2021.10.06"]
[SourceQuality "1"]

1. e4 c5 2. Nf3 e6 3. d4 cxd4 4. Nxd4 Nc6 5. Nc3 Qc7 6. Be3 a6 7. a3 Nf6 8. Bd3 Ne5 9. h3 b5 10. 0-0 Bb7 11. Bf4 d6 12. Nf3 Nxd3 13. Qxd3 e5 14. Bg5 Be7 15. Rad1 Rd8 16. Rfe1 0-0 17. Rd2 d5 18. exd5 Nxd5 19. Bxe7 Nxe7 20. Qe3 Rxd2 21. Nxd2 Ng6 22. Nde4 Nf4 23. f3 Qc6 24. Qf2 Rd8 25. Ng3 f6 26. Nf5 Qe6 27. Ne3 g6 28. Rd1 Rxd1+ 29. Nexd1 Qc6 30. Qe3 Kg7 31. Kf2 a5 32. Qd2 f5 33. Kg3 b4 34. axb4 axb4 35. Na2 Nd5 36. Ne3 f4+ 37. Kh2 fxe3 0-1

[Event "Porlamar Sabanamar Cup 2nd"]
[Site "Porlamar"]
[Date "2013.11.23"]
[Round "2"]
[White "Chavez Lazo, Jorge Leonidas"]
[Black "Suarez Ruiz, Juan Andres"]
[Result "1-0"]
[WhiteElo "2088"]
[BlackElo "1835"]
[PlyCount "57"]
[EventDate "2013.11.22"]
[EventType "swiss"]
[EventRounds "5"]
[EventCountry "VEN"]
[SourceTitle "EXT 2022"]
[Source "ChessBase"]
[SourceDate "2021.10.06"]
[SourceVersion "1"]
[SourceVersionDate "2021.10.06"]
[SourceQuality "1"]

1. e4 e6 2. d4 d5 3. Nc3 Nf6 4. Bg5 Be7 5. e5 Nfd7 6. Bxe7 Qxe7 7. f4 Qb4 8. Rb1 a6 9. Nf3 c5 10. a3 Qa5 11. b4 cxb4 12. axb4 Qc7 13. Qd2 b5 14. Bxb5 axb5 15. Nxb5 Qd8 16. Nd6+ Ke7 17. Ng5 f6 18. f5 Nxe5 19. dxe5 fxg5 20. Qxg5+ Kd7 21. fxe6+ Kc7 22. e7 Qd7 23. 0-0 Nc6 24. Qxg7 Bb7 25. Rf8 Rhxf8 26. exf8Q Rxf8 27. Qxf8 Nxe5 28. Nxb7 Kxb7 29. Ra1 1-0

[Event "VEN-ch Expertos y Maestros"]
[Site "San Carlos"]
[Date "2012.06.24"]
[Round "9"]
[White "Ledezma Borregales, Daniel Antonio"]
[Black "Chavez Lazo, Jorge Leonidas"]
[Result "1-0"]
[WhiteElo "1974"]
[BlackElo "2118"]
[PlyCount "87"]
[EventDate "2012.06.19"]
[EventType "swiss"]
[EventRounds "9"]
[EventCountry "VEN"]
[SourceTitle "EXT 2015"]
[Source "ChessBase"]
[SourceDate "2014.11.20"]
[SourceVersion "1"]
[SourceVersionDate "2014.11.20"]
[SourceQuality "1"]

1. e4 c5 2. Nf3 e6 3. d4 cxd4 4. Nxd4 Nc6 5. Nxc6 bxc6 6. Bd3 Nf6 7. 0-0 d5 8. Qe2 Be7 9. c4 0-0 10. Nd2 Rb8 11. Nf3 dxe4 12. Bxe4 Nxe4 13. Qxe4 Bf6 14. Ne5 c5 15. Qe2 Qb6 16. b3 Rd8 17. Bb2 Bb7 18. Rad1 Rxd1 19. Rxd1 Rd8 20. Rxd8+ Qxd8 21. Qd3 Qc7 22. Bc3 h6 23. f4 Be7 24. Qd2 Bd6 25. a3 f6 26. Ba5 Qe7 27. Ng6 Qd7 28. Ne5 Qe7 29. Ng6 Qe8 30. Qxd6 Qxg6 31. Qb8+ Kh7 32. Qxb7 Qb1+ 33. Kf2 Qc2+ 34. Kg3 Qg6+ 35. Kf2 Qc2+ 36. Ke3 Qc1+ 37. Bd2 Qg1+ 38. Ke2 Qxh2 39. b4 Qg1 40. Be3 Qb1 41. Bd2 e5 42. Qd5 Qa1 43. bxc5 exf4 44. c6 1-0

[Event "VEN-ch Expertos y Maestros"]
[Site "San Carlos"]
[Date "2012.06.23"]
[Round "8"]
[White "Chavez Lazo, Jorge Leonidas"]
[Black "Velasco, Ricardo"]
[Result "1/2-1/2"]
[WhiteElo "2118"]
[BlackElo "2010"]
[PlyCount "53"]
[EventDate "2012.06.19"]
[EventType "swiss"]
[EventRounds "9"]
[EventCountry "VEN"]
[SourceTitle "EXT 2015"]
[Source "ChessBase"]
[SourceDate "2014.11.20"]
[SourceVersion "1"]
[SourceVersionDate "2014.11.20"]
[SourceQuality "1"]

1. e4 e6 2. d4 d5 3. Nc3 Bb4 4. e5 Qd7 5. f4 b6 6. Nf3 Ba6 7. Bxa6 Nxa6 8. Bd2 Ne7 9. Ne2 Nf5 10. 0-0 h5 11. c3 Be7 12. a4 Nb8 13. a5 Nc6 14. axb6 cxb6 15. Rf2 Na5 16. b3 Nc6 17. g3 a5 18. Nc1 Rc8 19. Ne1 Kf8 20. Qf3 b5 21. Ne2 b4 22. Nd3 bxc3 23. Bxc3 Qb7 24. Ndc1 Qb6 25. Qd3 Bb4 26. Bb2 Na7 27. Na2 1/2-1/2

[Event "VEN-ch Expertos y Maestros"]
[Site "San Carlos"]
[Date "2012.06.23"]
[Round "7"]
[White "Gascon del Nogal, Jose Rafael"]
[Black "Chavez Lazo, Jorge Leonidas"]
[Result "1-0"]
[WhiteElo "2199"]
[BlackElo "2118"]
[PlyCount "63"]
[EventDate "2012.06.19"]
[EventType "swiss"]
[EventRounds "9"]
[EventCountry "VEN"]
[SourceTitle "EXT 2015"]
[Source "ChessBase"]
[SourceDate "2014.11.20"]
[SourceVersion "1"]
[SourceVersionDate "2014.11.20"]
[SourceQuality "1"]

1. e4 c5 2. Nf3 e6 3. d4 cxd4 4. Nxd4 Nc6 5. Nc3 Qc7 6. f4 a6 7. Nxc6 bxc6 8. Bd3 d5 9. 0-0 Nf6 10. Qf3 d4 11. Na4 c5 12. b3 Bd7 13. Nb2 Be7 14. Bd2 g6 15. Rae1 Bc6 16. Nc4 Nd7 17. Qh3 0-0 18. f5 e5 19. Rf3 Bf6 20. Ref1 Bg7 21. f6 Bh8 22. Qh6 Rfe8 23. g4 Nf8 24. h4 Qd7 25. Rg3 Ra7 26. h5 Re6 27. hxg6 Rxf6 28. Rxf6 Bxf6 29. gxh7+ Nxh7 30. Rh3 Ng5 31. Bxg5 Qxg4+ 32. Kh2 1-0

[Event "VEN-ch Expertos y Maestros"]
[Site "San Carlos"]
[Date "2012.06.19"]
[Round "2"]
[White "Chavez Lazo, Jorge Leonidas"]
[Black "Marin Ramirez, Gerardo"]
[Result "1/2-1/2"]
[WhiteElo "2118"]
[BlackElo "2219"]
[PlyCount "49"]
[EventDate "2012.06.19"]
[EventType "swiss"]
[EventRounds "9"]
[EventCountry "VEN"]
[SourceTitle "EXT 2015"]
[Source "ChessBase"]
[SourceDate "2014.11.20"]
[SourceVersion "1"]
[SourceVersionDate "2014.11.20"]
[SourceQuality "1"]

1. Nf3 d5 2. g3 c6 3. Bg2 Bf5 4. 0-0 e6 5. d3 Be7 6. Nbd2 Nf6 7. Nh4 Bg4 8. h3 Bh5 9. c4 Nbd7 10. b3 Nc5 11. Nhf3 a5 12. Bb2 0-0 13. Rc1 Nfd7 14. Qc2 f5 15. a3 Bf6 16. b4 axb4 17. axb4 Na6 18. b5 Nac5 19. bxc6 bxc6 20. cxd5 cxd5 21. Bd4 Bxd4 22. Nxd4 Qf6 23. e3 Rac8 24. N2b3 Bf7 25. Nxc5 1/2-1/2

[Event "Acarigua Arteaga 1st"]
[Site "Acarigua"]
[Date "2012.06.14"]
[Round "2"]
[White "Moreno Hernandez, Juan Jose"]
[Black "Chavez Lazo, Jorge Leonidas"]
[Result "1-0"]
[WhiteElo "1970"]
[BlackElo "2118"]
[PlyCount "57"]
[EventDate "2012.06.14"]
[EventType "swiss"]
[EventRounds "7"]
[EventCountry "VEN"]
[SourceTitle "EXT 2022"]
[Source "ChessBase"]
[SourceDate "2021.10.06"]
[SourceVersion "1"]
[SourceVersionDate "2021.10.06"]
[SourceQuality "1"]

1. e4 c5 2. c3 Nf6 3. e5 Nd5 4. d4 cxd4 5. Nf3 e6 6. cxd4 Nc6 7. a3 d6 8. Bd3 dxe5 9. dxe5 Be7 10. 0-0 0-0 11. Qe2 Re8 12. Rd1 Bd7 13. Qe4 g6 14. Nbd2 Qc7 15. Nc4 f5 16. exf6 Bxf6 17. Bh6 Nde7 18. Bf4 e5 19. Ncxe5 Nxe5 20. Bxe5 Bxe5 21. Bc4+ Kg7 22. Rxd7 Qxd7 23. Qxe5+ Kh6 24. Qf4+ Kg7 25. Qf7+ Kh6 26. Be6 Qd6 27. g4 Rh8 28. g5+ Kh5 29. h3 1-0

[Event "VEN-ch"]
[Site "San Felipe"]
[Date "2008.01.15"]
[Round "5"]
[White "Ostos, Julio Eduardo"]
[Black "Chavez Lazo, Jorge Leonidas"]
[Result "1-0"]
[WhiteElo "2335"]
[BlackElo "2192"]
[PlyCount "43"]
[EventDate "2008.01.13"]
[EventType "tourn"]
[EventRounds "11"]
[EventCountry "VEN"]
[EventCategory "2"]
[SourceTitle "CBM 122 Extra"]
[Source "ChessBase"]
[SourceDate "2008.03.04"]
[SourceVersion "1"]
[SourceVersionDate "2008.03.04"]
[SourceQuality "1"]

1. e4 c5 2. Nf3 e6 3. Nc3 Nc6 4. Bb5 Nge7 5. 0-0 a6 6. Bxc6 Nxc6 7. d3 d6 8. Nd2 Be7 9. f4 Nd4 10. Nf3 Bf6 11. e5 dxe5 12. fxe5 Be7 13. Ne4 0-0 14. c3 Nf5 15. g4 Nh4 16. Nxh4 Bxh4 17. g5 Bd7 18. Qg4 Bc6 19. Nd6 f6 20. gxf6 Bxf6 21. Qxe6+ Kh8 22. exf6 1-0

[Event "CUB-ch op"]
[Site "Havana"]
[Date "2004.04.22"]
[Round "3"]
[White "Chavez Lazo, Jorge Leonidas"]
[Black "Gongora Reyes, Maikel"]
[Result "0-1"]
[WhiteElo "2232"]
[BlackElo "2422"]
[PlyCount "68"]
[EventDate "2004.04.20"]
[EventType "swiss"]
[EventRounds "9"]
[EventCountry "CUB"]
[SourceTitle "CBM 100 Extra"]
[Source "ChessBase"]
[SourceDate "2004.07.06"]
[SourceVersion "2"]
[SourceVersionDate "2004.07.06"]
[SourceQuality "1"]

1. e4 c5 2. Nf3 Nc6 3. Bb5 e6 4. 0-0 Nge7 5. Re1 a6 6. Bf1 d5 7. exd5 Nxd5 8. d4 Nf6 9. dxc5 Qxd1 10. Rxd1 Bxc5 11. Nc3 Bd7 12. Bg5 Be7 13. Rd2 h6 14. Be3 0-0 15. Rad1 Be8 16. a3 Rc8 17. Bb6 Nb8 18. Ne5 Bxa3 19. Rd8 Rxd8 20. Rxd8 Bxb2 21. Rxb8 Bxc3 22. f4 Bb5 23. Rxb7 Nd5 24. Bc5 Rc8 25. Bxb5 axb5 26. Bd6 Bd4+ 27. Kf1 Bxe5 28. Bxe5 Rxc2 29. Rxb5 Ne3+ 30. Kg1 Rxg2+ 31. Kh1 Re2 32. h3 f6 33. Bd6 Nf5 34. Bc7 Kf7 0-1

[Event "Barquisimeto pre olympic"]
[Site "Barquisimeto"]
[Date "2004.03.13"]
[Round "8"]
[White "Chavez Lazo, Jorge Leonidas"]
[Black "Zavala Arevalo, Vicencio Noel"]
[Result "0-1"]
[WhiteElo "2192"]
[BlackElo "2070"]
[PlyCount "96"]
[EventDate "2004.03.08"]
[EventType "swiss"]
[EventRounds "9"]
[EventCountry "VEN"]
[SourceTitle "EXT 2006"]
[Source "ChessBase"]
[SourceDate "2005.11.24"]
[SourceVersion "1"]
[SourceVersionDate "2005.11.24"]
[SourceQuality "1"]

1. e4 c5 2. Nf3 Nc6 3. Bb5 g6 4. 0-0 Bg7 5. Bxc6 dxc6 6. d3 Nf6 7. e5 Nd5 8. Re1 0-0 9. Nbd2 Nc7 10. Ne4 b6 11. a4 Bg4 12. h3 Bxf3 13. Qxf3 Bxe5 14. Nxc5 Bg7 15. Ne4 Ne6 16. c3 Qd5 17. d4 Rfd8 18. Be3 Rd7 19. a5 Rad8 20. axb6 axb6 21. Nd2 Nc7 22. Qg3 b5 23. Ra7 e5 24. Nf3 exd4 25. Bxd4 Ne6 26. Rxd7 Rxd7 27. Bxg7 Kxg7 28. Ra1 Qc5 29. Ra8 Rd1+ 30. Kh2 Rb1 31. Qb8 Rxb2 32. Ne5 Rxf2 33. Ng4 Rxg2+ 34. Kxg2 Qd5+ 35. Kf2 Qd2+ 36. Kg3 Qxc3+ 37. Kg2 Qd2+ 38. Nf2 Nf4+ 39. Kf3 Qe2+ 40. Kxf4 Qxf2+ 41. Ke5 Qc5+ 42. Kf4 Qf2+ 43. Ke4 Qe2+ 44. Kd4 Qc4+ 45. Ke3 Qc3+ 46. Kf2 Qd2+ 47. Kg3 Qe3+ 48. Kh4 Qf2+ 0-1